Cantos de vida y esperanza

Guardat en:
Dades bibliogràfiques
Autor principal: Darío, Rubén (Autor)
Format: Llibre
Idioma:espanyol
Publicat: Buenos Aires Sopena 1949
Edició:2a. ed
Col·lecció:Biblioteca Mundial Sopena
Matèries:
Etiquetes: Afegir etiqueta
Sense etiquetes, Sigues el primer a etiquetar aquest registre!

MARC

LEADER 00000nam a2200000 a 4500
001 UCT6650
003 CL-VaPUC
008 970113e19490000AG |||||||||||||||||spa|d
082 0 4 |a Ni861  |b DAR  |2 21 
100 0 |a Darío, Rubén  |e author  |9 268402 
245 1 0 |a Cantos de vida y esperanza 
250 |a 2a. ed 
300 |a 159 p 
942 |c BK 
945 |d 19970113 00:00:00  |a rleighto 
260 |a Buenos Aires  |b Sopena  |c 1949 
650 7 |a POESIAS NICARAGUENSES  |2 CL-VaPUC  |9 266965 
583 |a last modification  |c 19970113 00:00:00  |k Rodrigo Vera 
490 0 |a Biblioteca Mundial Sopena 
999 |c 255332  |d 255330 
952 |0 0  |1 0  |4 0  |6 NI_861_000000000000000_DAR_1949  |7 0  |8 A  |9 277540  |a BIBEDU  |b BIBEDU  |d 2019-11-19  |i 3268853  |o Ni861 DAR 1949  |p 3268853  |r 2019-11-19  |w 2019-11-19  |y BK  |k LIT